Tratado de filosofía / (Registro nro. 34931)
[ vista simple ]
| 000 -CABECERA | |
|---|---|
| campo de control de longitud fija | 00779nam a2200229 a 4500 |
| 001 - NÚMERO DE CONTROL | |
| campo de control | 000035440 |
| 005 - FECHA Y HORA DE LA ÚLTIMA TRANSACCIÓN | |
| campo de control | 20240510073817.0 |
| 008 - DATOS DE LONGITUD FIJA--INFORMACIÓN GENERAL | |
| campo de control de longitud fija | 111031s19591962ag 000 0 spa d |
| 040 ## - FUENTE DE LA CATALOGACIÓN | |
| Centro catalogador/agencia de origen | DO-SdBNP |
| Lengua de catalogación | spa |
| Centro/agencia transcriptor | BNPHU |
| 082 ## - NÚMERO DE LA CLASIFICACIÓN DECIMAL DEWEY | |
| Número de clasificación | 100 |
| Número de documento/Ítem | H587t |
| 100 1# - ENTRADA PRINCIPAL--NOMBRE DE PERSONA | |
| Nombre de persona | Hessen, Johannes |
| Numeración | 1889 |
| 9 (RLIN) | 61274 |
| 240 10 - TÍTULO UNIFORME | |
| Título uniforme | Lehrbuch der philosphie |
| Lenguaje de la obra | español |
| 245 10 - MENCIÓN DE TÍTULO | |
| Título | Tratado de filosofía / |
| Mención de responsabilidad, etc. | Johannes Hessen ; traducción Lucía Piossek Prebisch. |
| 260 ## - PUBLICACIÓN, DISTRIBUCIÓN, ETC. | |
| Lugar de publicación, distribución, etc. | Buenos Aires : |
| Nombre del editor, distribuidor, etc. | Sudaméricana, |
| Fecha de publicación, distribución, etc. | 1959-1962. |
| 300 ## - DESCRIPCIÓN FÍSICA | |
| Extensión | v. ; |
| Dimensiones | 21 cm. |
| 490 1# - MENCIÓN DE SERIE | |
| Mención de serie | Biblioteca de filosofía |
| 500 ## - NOTA GENERAL | |
| Nota general | La biblioteca posee los volúmenes 2 y 3 |
| 650 #0 - PUNTO DE ACCESO ADICIONAL DE MATERIA--TÉRMINO DE MATERIA | |
| Término de materia o nombre geográfico como elemento de entrada | Filosofía |
| 9 (RLIN) | 813 |
| 700 12 - PUNTO DE ACCESO ADICIONAL--NOMBRE DE PERSONA | |
| Nombre de persona | Prebisch, Lucía Piossek |
| 9 (RLIN) | 61275 |
| 830 #0 - PUNTO DE ACCESO ADICIONAL DE SERIE-TÍTULO UNIFORME | |
| Título uniforme | Biblioteca de filosofía |
| 9 (RLIN) | 60691 |
| 910 ## - DATOS DE OPCIÓN DEL USUARIO (OCLC) | |
| Datos de opción del usuario | Validado. Control de calidad MFF |
| Estado de retiro | Estado de pérdida | Restricciones de uso | No para préstamo | Código de colección | Localización permanente | Ubicación/localización actual | Ubicación en estantería | Fecha de adquisición | Número de inventario | Total de préstamos | Signatura topográfica completa | Código de barras | Fecha visto por última vez | Precio válido a partir de | Tipo de ítem Koha | Nota pública |
|---|---|---|---|---|---|---|---|---|---|---|---|---|---|---|---|---|
| Extraviado | Excluido de préstamo | Raros y valiosos | General | General | Extraviado | 31.10.2011 | LF1 | v.3 | 35440-10 | 25.06.2020 | 25.06.2020 | No se presta | Perteneció a la biblioteca personal de Juan Isidro Jimenes- Grullón | |||
| Extraviado | Excluido de préstamo | Raros y valiosos | General | General | Extraviado | 31.10.2011 | LF1 | v.2 | 35440-20 | 25.06.2020 | 25.06.2020 | No se presta | Perteneció a la biblioteca personal de Juan Isidro Jimenes- Grullón | |||
| Excluido de préstamo | Raros y valiosos | General | General | Depósito | 02.10.2012 | LF1 | v.1 | 35440-30 | 25.06.2020 | 25.06.2020 | No se presta |
